000 00496nam a22001577a 4500
999 _c525246
_d525246
003 NUST
038 _aMr. Zahoor
082 _a621
100 _aAltaf, Muhammad Qasim
_915990
245 _aDevelopment of a Robust Algorithm to Detect Multi- Cloning ( Copy - Move) Forgeries /
_c Muhammad Qasim Altaf
260 _aIslamabad :
_bCEME - NUST,
_c2016.
300 _axii, 49 p. : ill. ;
_c30cm.
500 _aHardcover.
600 _aMechatronics Engineering MS - Thesis.
_915674
942 _2ddc
_cTHE